| 000 | 01094cam a22002651i 4500 | ||
|---|---|---|---|
| 003 | SA-RiAUC | ||
| 005 | 20260125141836.0 | ||
| 008 | 260112s1956 ||| g 000 0 ara c | ||
| 040 |
_aEG-CaDAJ _bara _cSA-RiAUC _erda |
||
| 082 | 0 | 4 | _a237.3 |
| 090 |
_aم ن 237.3 _bا ب ن ص |
||
| 100 | 1 |
_aابن الصديق، عبد الله بن محمد، _d1910-1993 _eمؤلف. |
|
| 245 | 1 | 0 |
_aإعلام النبيل بجواز التقبيل / _cعبد الله بن الصديق الغماري. |
| 250 | _aالطبعة الثانية. | ||
| 264 | 1 |
_a[مكان النشر غير محدد] : _b[الناشر غير محدد]، _c[1956] |
|
| 264 | 3 |
_a[مكان الطبع غير محدد] : _bمطبعة العهد الجديد |
|
| 300 |
_a24 صفحة؛ _c29 سم. |
||
| 336 |
_aنص _btxt _2rdacontent _3كتاب |
||
| 337 |
_aبدون وسيط _bn _2rdamedia |
||
| 338 |
_aمجلد _bnc _2rdacarrier |
||
| 650 | 7 |
_aالتقبيل في الحديث _2aucsh |
|
| 650 | 7 |
_aالحديث _xجوامع الفنون _2aucsh |
|
| 942 |
_2ddc _cRBOOK COPY _n0 |
||
| 949 |
_aSA-JeALM _d260112 _umohamedma123 _n1 |
||
| 999 |
_c14171 _d14171 |
||